| 000 | 00740nam a2200229 i 4500 | ||
|---|---|---|---|
| 001 | 109395 | ||
| 003 | ES-MaACL | ||
| 005 | 20250824221155.0 | ||
| 007 | t| | ||
| 008 | 061121s1964 sp r ||||1| spa d | ||
| 080 | _a396:234 | ||
| 245 | 0 | 3 |
_aLa mujer en la salvación / _ceditado por P. Theodor Bogler ; traducción de Andrés Pedro Sánchez Pascual. |
| 260 |
_aMadrid : _bCristiandad, _c1964. |
||
| 300 |
_a130 p. ; _c19 cm. |
||
| 490 | 1 | _aLos libros de monograma | |
| 650 | 7 |
_aMujeres en el cristianismo _2embne _915332 |
|
| 700 | 1 |
_aBogler, Theodor. _929805 |
|
| 700 | 1 |
_aSánchez Pascual, Andrés. _9102833 |
|
| 830 | 1 | 4 |
_aLos libros del monograma _9183512 |
| 852 | 4 |
_aES-MaACL _jC-26215 |
|
| 999 |
_c109395 _d109395 |
||